| 000 | 01877nam a2200229Ia 4500 | ||
|---|---|---|---|
| 003 | OSt | ||
| 005 | 20211022115725.0 | ||
| 008 | 210310s1985 ck fr 100 0 spa d | ||
| 040 |
_aCO-JMCR _cCO-JMCR |
||
| 041 | 0 | _aspa | |
| 082 | 0 | 4 |
_a338.98 / _bA798f _223 |
| 111 | 1 |
_aAsamblea General de la Asociación Latinoamericana de Instituciones Financieras _n(15 : _d1985 : _cCartagena) _941250 |
|
| 245 | 1 | 3 |
_aEl financiamiento del desarrollo y el proceso de recuperación económica de América Latina y el Caribe / _cAsamblea General de la Asociación Latinoamericana de Instituciones Financieras |
| 260 |
_aBogotá : _bBanco de la República, _c1985 |
||
| 300 |
_a638 páginas ; _c24 cm. |
||
| 505 | 0 | _aEl financiamiento del desarrollo y el proceso de recuperación económica de América Latina y el Caribe -- Proceso de ajuste y perspectivas de desarrollo de América Latina -- Movilización de recursos externos para el financiamiento de la recuperación y desarrollo de América Latina: el papel de los organismos financieros de carácter multilateral -- La banca de fomento y la movilización de recursos para la promoción y financiamiento de la recuperación económica de los sectores productivos de los países de la región: políticas, instrumentos operativos, experiencias institucionales y nacionales -- Modalidades y mecanismos específicos de cooperación financiera para la recuperación y el desarrollo económico de América Latina -- Sesiones inaugural y de clausura -- Asuntos institucionales -- Sesión de proyectos e inversiones -- Resumen de la decimoquinta reunión ordinaria de la asamblea general de Alide | |
| 650 | 1 | 4 |
_aDesarrollo económico _917842 _zAmérica Latina |
| 650 | 2 | 4 |
_aPolítica económica _zAmérica Latina _96784 |
| 650 | 2 | 4 |
_aSistemas económicos _zAmérica Latina _941251 |
| 650 | 2 | 4 |
_aFinanzas internacionales _95881 |
| 942 |
_2ddc _cBK |
||
| 999 |
_c8634 _d8634 |
||